LEADER 03271oam 2200697 c 450 001 9910163138203321 005 20260302090207.0 010 $a3-7398-0135-2 010 $a3-7398-0134-4 010 $a3-7398-0133-6 024 3 $a9783739801346 035 $a(CKB)3710000001045517 035 $a(MiAaPQ)EBC4625353 035 $a(MiAaPQ)EBC6000383 035 $a(UVK Verlag)9783739801346 035 $a(Narr)9783739801346 035 $a(EXLCZ)993710000001045517 100 $a20260302d2016 uy 0 101 0 $ager 135 $aurcnu|||||||| 181 $2rdacontent 182 $2rdamedia 183 $2rdacarrier 200 10$aRichtig entscheiden $eBetriebswirtschaftliche Entscheidungslehre und unternehmerische Entscheidungspraxis /$fElisabeth Göbel 205 $a2nd ed. 210 $aTübingen$cUVK Verlag$d2016 215 $a1 online resource (322 pages) $cillustrations 300 $a[2., durchgesehene Auflage] 311 08$a3-86764-721-6 320 $aIncludes bibliographical references and index. 327 $a1 Die schwierige Suche nach dem Erkenntnisgegenstand der Betriebswirtschaftslehre (BWL) 2 Das Grundmodell rationaler Entscheidung 3 Entscheidungen bei mehreren Zielen und Sicherheit 4 Entscheidungen bei Ungewissheit 5 Entscheidungen bei Risiko 6 Entscheidungen bei bewusst handelnden Gegenspielern 7 Entscheidungen in Gruppen 8 Grundlagen der deskriptiven Entscheidungstheorie 9 Spezielle Ergebnisse empirischer Entscheidungsforschung 10 Verknüpfung von präskriptiver und deskriptiver Entscheidungstheorie 11 Entscheidungen in Unternehmen ? Probleme und Lösungsvorschläge 12 Schlusswort 330 $aWir treffen im Schnitt 20.000 Entscheidungen am Tag, kleine und große, belanglose und wichtige. (Angehende) Führungskräfte treffen häufig noch mehr Entscheidungen. Offen bleibt jedoch, wie man ?richtig? entscheidet. Geht das überhaupt? Dieses Fachbuch führt den Leser in die Entscheidungstheorie ein und stellt die Unterschiede zwischen der normativen und deskriptiven Entscheidungslehre, d.h. wie man entscheiden sollte und wie man tatsächlich entscheidet, ausführlich dar. Es ist verständlich geschrieben und mit über 150 anschaulichen Beispielen angereichert. Zudem finden sich im Anhang zahlreiche Fragen und Aufgaben zum Verständnis. Das Buch richtet sich an Praktiker, die sich das Handwerkszeug für die Lösung von Entscheidungsproblemen aneignen wollen. 606 $aEntscheidung 606 $aFührung 606 $aGefangenendilemma 606 $aGruppenentscheidung 606 $aManagement 606 $aRationalität 606 $aRisikoentscheidung 606 $aSpieltheorie 606 $aUnternehmen 606 $aZiele 615 4$aEntscheidung 615 4$aFührung 615 4$aGefangenendilemma 615 4$aGruppenentscheidung 615 4$aManagement 615 4$aRationalität 615 4$aRisikoentscheidung 615 4$aSpieltheorie 615 4$aUnternehmen 615 4$aZiele 676 $a658.403 700 $aGöbel$b Elisabeth$4aut$00 801 0$bMiAaPQ 801 1$bMiAaPQ 801 2$bMiAaPQ 906 $aBOOK 912 $a9910163138203321 996 $aRichtig entscheiden$92782227 997 $aUNINA